Manažér a banka vytvárajú pár

Nároky na vrcholové pozície v bankovom sektore sa zvýšili. Začiatky bankovníctva v novodobých slovenských dejinách. Tri fázy vývoja. Vlastnosti ideálneho manažéra. Nároky na riadiacich pracovníkov.

Enregistré dans:
Détails bibliographiques
Auteur principal: Kusovská, Martina
Format: Chapitre de livre
Langue:slovaque
Sujets:
Tags: Ajouter un tag
Pas de tags, Soyez le premier à ajouter un tag!

MARC

LEADER 00000naa a2200000 4500
001 r048430
005 20230920090330.6
041 0 |a slo 
044 |a SK 
245 1 0 |a Manažér a banka vytvárajú pár  |c Martina Kusovská 
520 |a Nároky na vrcholové pozície v bankovom sektore sa zvýšili. Začiatky bankovníctva v novodobých slovenských dejinách. Tri fázy vývoja. Vlastnosti ideálneho manažéra. Nároky na riadiacich pracovníkov. 
610 2 0 |a bankovníctvo 
610 2 0 |a Slovensko 
610 2 0 |a história 
610 2 0 |a manažéri 
610 2 0 |a manažment strategický 
610 2 0 |a banky 
100 1 |a Kusovská, Martina